000 00555nam a2200181 i 4500
001 59430
003 ES-MaACL
005 20230906164030.0
007 t|
008 031029s1972 sp ||||1| spa d
245 0 0 _aEncuentro entre las religiones /
_cintroducción de Tomás Federici ; [traducción: C. Cristo].
260 _a[Barcelona] :
_bEdisven,
_c[1972]
300 _a246 p. ;
_c20 cm.
650 0 4 _aDiálogo interreligioso.
_911858
700 1 _aCristo, C.
_941631
700 0 _aFederici, Tommaso.
_949065
852 _aES-MaACL
_jC-42808
_bR.81572
999 _c59430
_d59430